A formação dos gestores municipais de saúde : (Record no. 1113)
[ view plain ]
| 000 -LÍDER | |
|---|---|
| Campo Fixo de Controle | 00885nam a2200265 a 4500 |
| 001 - NÚMERO DE CONTROLE | |
| Campo de Controle | 1113 |
| 003 - IDENTIFICAÇÃO DO NÚMERO DE CONTROLE | |
| Campo de Controle | BR-CuiBMT |
| 005 - DATA E HORA DA ÚLTIMA ATUALIZAÇÃO | |
| Campo de Controle | 20231128211003.0 |
| 008 - DADOS FIXOS | |
| Dados Fixos | 231101s2012 mtba 000 0 por d |
| 020 ## - INTERNATIONAL STANDARD BOOK NUMBER | |
| Nº do ISBN | 9788532704351 |
| 040 ## - AGÊNCIA CATALOGADORA | |
| Código da Agência Catalogadora | BR-CuiBMT |
| Agência que transcreveu o registro | BR-CuiBMT |
| 080 ## - Nº DA CLASSIFICAÇÃO DECIMAL UNIVERSAL | |
| Nº Class. CDU | 614.2 |
| Nº edição CDU | 2007 |
| 090 ## - NÚMERO DE CHAMADA | |
| Nº classificação | 614.2 |
| Cutter | F723 |
| 245 02 - TÍTULO PRINCIPAL | |
| Título principal | A formação dos gestores municipais de saúde : |
| Subtítulo | uma experiência político-pedagógica compartilhada / |
| Indicação de responsabilidade | Elisete Duarte, Reni A. Barsaglini (organizadoras). |
| 260 ## - PUBLICAÇÃO, DISTRIBUIÇÃO, ETC. | |
| Local de publicação | Cuiabá : |
| Editora | EdUFMT, |
| Data | 2012. |
| 300 ## - DESCRIÇÃO FÍSICA | |
| N. páginas ou volumes | 365 p. : |
| Ilustrações | il. color. ; |
| Dimensões | 23 cm |
| 504 ## - NOTA DE BIBLIOGRAFIA, ETC. | |
| Nota de bibliografia | Inclui bibliografia. |
| 650 ## - ASSUNTO TÓPICO | |
| Cabeçalho tópico ou nome geográfico | Saúde |
| Subdivisão geral | Políticas públicas |
| 650 ## - ASSUNTO TÓPICO | |
| Cabeçalho tópico ou nome geográfico | SUS |
| Subdivisão geral | Mato Grosso |
| 650 ## - ASSUNTO TÓPICO | |
| Cabeçalho tópico ou nome geográfico | Serviços de saúde pública |
| 650 ## - ASSUNTO TÓPICO | |
| Cabeçalho tópico ou nome geográfico | Formação de gestores |
| Subdivisão geral | Saúde |
| 700 ## - ENTRADA SECUNDÁRIA -- NOME PESSOAL | |
| Nome pessoal | Duarte, Elisete, |
| Datas associadas ao nome | 1967- |
| Cód. do termo explicativo | org. |
| 700 ## - ENTRADA SECUNDÁRIA -- NOME PESSOAL | |
| Nome pessoal | Barsaglini, Reni Aparecida |
| Cód. do termo explicativo | org. |
| 942 ## - ELEMENTOS DE ENTRADA ADICIONAIS (KOHA) | |
| Fonte de classificação ou esquema de arquivamento | Classificação Decimal Universal |
| Tipo de item do Koha | Livros |
| Estado: removido | Estado: perdido | Fonte de classificação ou esquema de arquivamento | Estado: danificado | Indisponível para empréstimo | Localização permanente | Localização atual | Data de aquisição | Total Checkouts | Número de Chamada completo | Código de barras | Date last seen | Número do exemplar | Preço efetivo a partir de | Tipo de item (Koha) |
|---|---|---|---|---|---|---|---|---|---|---|---|---|---|---|
| Classificação Decimal Universal | Biblioteca da Escola Superior de Contas do TCE/MT | Biblioteca da Escola Superior de Contas do TCE/MT | 28/11/2023 | 614.2 F723 | BIBTCEMT23111279 | 28/11/2023 | Ex. 1 | 28/11/2023 | Livros |